Convex optimization theory (Record no. 1308909)

MARC details
000 -LEADER
fixed length control field 01233nam a2200217 4500
005 - DATE AND TIME OF LATEST TRANSACTION
control field 20250411170357.0
008 - FIXED-LENGTH DATA ELEMENTS--GENERAL INFORMATION
fixed length control field 250411b |||||||| |||| 00| 0 eng d
020 ## - INTERNATIONAL STANDARD BOOK NUMBER
International Standard Book Number 9788173717147
037 ## - SOURCE OF ACQUISITION
Terms of availability Textual
040 ## - CATALOGING SOURCE
Original cataloging agency RTL
Transcribing agency RTL
084 ## - COLON CLASSIFICATION NUMBER
Classification number B7:3 Q0
Assigning agency RTL
100 ## - MAIN ENTRY--PERSONAL NAME
Personal name Bertsekas, dimitri
245 ## - TITLE STATEMENT
Title Convex optimization theory
260 ## - PUBLICATION, DISTRIBUTION, ETC.
Place of publication, distribution, etc. Hyaderabad (India)
Name of publisher, distributor, etc. Universities press (India) private LTD.
Date of publication, distribution, etc. 2010
300 ## - PHYSICAL DESCRIPTION
Extent xii, 407 p. ill.
Other physical details Includes bibliographical reference and index
520 ## - SUMMARY, ETC.
Summary, etc. The book, Convex Optimization Theory provides an insightful, concise and rigorous treatment of the basic theory of convex sets and functions in finite dimensions and the analytical/geometrical foundations of convex optimization and duality theory. The convexity theory is developed first in a simple accessible manner using easily visualized proofs. The focus then shifts to a transparent geometrical line of analysis to develop the fundamental duality between descriptions of convex sets and functions in terms of points and in terms of hyperplanes.
650 ## - SUBJECT ADDED ENTRY--TOPICAL TERM
Topical term or geographic name entry element Mathematical optimization
9 (RLIN) 725587
650 ## - SUBJECT ADDED ENTRY--TOPICAL TERM
Topical term or geographic name entry element Fonctions convexes
9 (RLIN) 752223
650 ## - SUBJECT ADDED ENTRY--TOPICAL TERM
Topical term or geographic name entry element Convex functions
9 (RLIN) 752224
942 ## - ADDED ENTRY ELEMENTS (KOHA)
Source of classification or shelving scheme Colon Classification (CC)
Suppress in OPAC No
Koha item type Textbook
Classification part B7:3 Q0
Holdings
Withdrawn status Lost status Source of classification or shelving scheme Damaged status Not for loan Home library Current library Date acquired Total Checkouts Full call number Barcode Date last seen Date last checked out Price effective from Koha item type
    Colon Classification (CC)     Ratan Tata Library Ratan Tata Library 2025-04-11 1 B7:3 Q0 RT1585220 2026-03-25 2026-03-06 2025-04-11 Textbook
Copyright @ Delhi University Library System